Els Comptes de Barcelona : l'experiència del finançament municipal (1981-1986) / Joaquim de Nadal i Caparà l'experiència del finançament municipal (1981-1986) / Joaquim de Nadal i Caparà

per Nadal i Caparà, Joaquim de

ISBN: 84-297-2628-4
Publicat: Barcelona : La Magrana : Edicions 62 , 1987
Descripció física: 156 p. ; 20 cm
Col·lecció: Polítiques ; 2

MARC

LEADER 00000nam a2200000Ia 4500
001 11090
008 160829s1987 xx 000 0 cat d
020 |a 84-297-2628-4 
080 |a M-2-259 
100 |a Nadal i Caparà, Joaquim de  |9 22904 
245 |a Els Comptes de Barcelona :  |b  l'experiència del finançament municipal (1981-1986) / Joaquim de Nadal i Caparà 
260 |a Barcelona :  |b La Magrana :  |b Edicions 62,  |c 1987 
300 |a 156 p. ;  |c 20 cm 
490 |a Polítiques ; 2 
650 0 |a Finances municipals  |z Barcelona (Catalunya)  |9 22905 
901 |a Arxiu 
942 |n 1 
952 |0 0  |1 0  |4 0  |6 M2259  |7 1  |9 42376  |a Arxiu  |b Arxiu  |d 2016-12-01  |l 0  |o M-2-259  |p 11090  |r 2016-12-01 00:00:00  |w 2016-12-01  |y ARXIU 
999 |c 44854  |d 44854